000
00300nam a22001337a 4500
008
170412b xxu||||| |||| 00| 0 eng d
020
_a
9780323055413
041
_a
eng
080
_2
4 ED
_a
618
100
_a
10
101
_a
SHM
245
_a
OBSTETRICS ANESTHESIA
_c
CHESTNUT.D.H
942
_2
udc
_c
BK
999
_c
10480
_d
10480